000 00437nam a22001457a 4500
999 _c9166
_d9166
003 OSt
008 201119b ||||| |||| 00| 0 eng d
020 _a9788170189411
100 _aRao, A.V. Krishan & Madhavi Menon, K.
245 _aKamala Markandaya
_b A critical study of her novels, 1954-1982 (Indian writers series)
260 _aNew Delhi
_bB.R. Publishing
_c2017
300 _a200p.
650 _aB.A Hons. English
942 _2ddc
_cBK